Normal view
MARC view
Entry Topical Term
001 - CONTROL NUMBER
- control field: 3506
003 - CONTROL NUMBER IDENTIFIER
- control field: OSt
005 - DATE AND TIME OF LATEST TRANSACTION
- control field: 20180528142118.0
008 - FIXED-LENGTH DATA ELEMENTS
- fixed length control field: 180528|| aca||aabn | a|a d
040 ## - CATALOGING SOURCE
- Original cataloging agency: OSt
- Transcribing agency: OSt
150 ## - HEADING--TOPICAL TERM
- Topical term or geographic name entry element: Orient Express (Express train)
- Form subdivision: Fiction.
670 ## - SOURCE DATA FOUND
- Source citation: Work cat.: (OSt)23745: Christie, Agatha, 3504, Murder on the Orient Express :, 2011.